Library of the University of Algiers 3
Ibrahim Sultan Cheibout
شعار جامعة الجزائر 3
مكتبة جامعة الجزائر 3
إبراهيم سلطان شيبوط

محاسبة الشركات / (رقم التسجيلة. 45615)

تفاصيل مارك
000 -LEADER
fixed length control field 01096nam a2200229Ia 4500
003 - CONTROL NUMBER IDENTIFIER
control field Ost
005 - DATE AND TIME OF LATEST TRANSACTION
control field 20260507075652.0
008 - FIXED-LENGTH DATA ELEMENTS--GENERAL INFORMATION
fixed length control field 260507s9999||||xx |||||||||||||| ||und||
020 ## - INTERNATIONAL STANDARD BOOK NUMBER
International Standard Book Number 2043329957
040 ## - CATALOGING SOURCE
Transcribing agency fsecg
041 ## - LANGUAGE CODE
Language code of text/sound track or separate title ara
082 ## - DEWEY DECIMAL CLASSIFICATION NUMBER
Classification number 657.9
100 ## - MAIN ENTRY--PERSONAL NAME
Personal name الحارس، أسامة
Relator term مؤلف
245 #0 - TITLE STATEMENT
Title محاسبة الشركات /
Statement of responsibility, etc. أسامة الحارس
260 ## - PUBLICATION, DISTRIBUTION, ETC.
Place of publication, distribution, etc. عمان:
Name of publisher, distributor, etc. دار الحامد للنشر والتوزيع,
Date of publication, distribution, etc. 2004
300 ## - PHYSICAL DESCRIPTION
Extent 296 صفحة؛
Other physical details إيضاحات ؛
Dimensions 24 سم
520 ## - SUMMARY, ETC.
Summary, etc. التعريف بالشركات المساهمة العامة- مصاريف التأسيس في الشركة المساهمة العامة الأردنية- رأس مال الشركة المساهمة العامة- السندات- سياسات توزيع الارباح في الشركات المساهمة- شركات الاشخاص- محاسبة تصفية الشركات
653 ## - INDEX TERM--UNCONTROLLED
Uncontrolled term المحاسبة- الشركات
653 ## - INDEX TERM--UNCONTROLLED
Uncontrolled term محاسبة الشركات
700 ## - ADDED ENTRY--PERSONAL NAME
Personal name أبو جاموس، فوز الدين
Relator term مؤلف ثانوي
942 ## - ADDED ENTRY ELEMENTS (KOHA)
Koha item type كتب

لا توجد مواد متاحة.

موارد الويب المفتوحة


© University of Algiers 3 All Rights Reserved
|
Implemented by LECHELAH Riad